[Event "VIII Floripa Chess Open 2022 - LIRA - m"]
[Site "Lira Tênis Clube - Florianó"]
[Date "2022.01.25"]
[Round "3.173"]
[White "Dos Santos, Guilherme Fortes"]
[Black "Cabral, Mauricio Balluta"]
[Result "1/2-1/2"]
[WhiteElo "1748"]
[BlackElo "1228"]
[PlyCount "111"]
[EventDate "2022.01.24"]
[EventRounds "10"]
[EventCountry "BRA"]

1. d4 d6 2. c4 e6 3. Nc3 Nf6 4. Bg5 Be7 5. e3 O-O 6. c5 h6 7. Bh4 Nbd7 8. Nf3
c6 9. b4 b6 10. Be2 bxc5 11. bxc5 Qa5 12. Qd2 Ba6 13. O-O Bxe2 14. Nxe2 Qxd2
15. Nxd2 Rab8 16. Nb3 g5 17. Bg3 Rb4 18. Rfb1 Ne4 19. Na5 Rxb1+ 20. Rxb1 Nxg3
21. hxg3 Rb8 22. Nc3 Rxb1+ 23. Nxb1 Nb8 24. Na3 e5 25. Nc2 exd4 26. exd4 Bf6
27. Kf1 Kf8 28. Ke2 Ke7 29. Kd3 h5 30. Nb4 Kd7 31. Nb7 Be7 32. Nc2 Kc7 33. Na5
Kd7 34. Ne3 Ke6 35. g4 hxg4 36. Nxg4 f5 37. Ne5 dxc5 38. dxc5 Bxc5 39. Nexc6
Nxc6 40. Nxc6 Bb6 41. a4 a5 42. g3 f4 43. gxf4 gxf4 44. Ne5 Bc7 45. Ng6 Kf6 46.
Nf8 Ke7 47. Ng6+ Kf6 48. Nh4 Kg5 49. Nf3+ Kf5 50. Nd2 Bb6 51. f3 Kg5 52. Nb3
Kh4 53. Ke2 Kg3 54. Nc1 Kg2 55. Nd3 Kg3 56. Ne5 1/2-1/2

[Event "VIII Floripa Chess Open 2022 - LIRA - m"]
[Site "Lira Tênis Clube - Florianó"]
[Date "2022.01.25"]
[Round "3.174"]
[White "Da Costa, Evelyn Maria Fuck"]
[Black "Rodrigues, Natanael Isau"]
[Result "1/2-1/2"]
[WhiteElo "1227"]
[BlackElo "1748"]
[PlyCount "67"]
[EventDate "2022.01.24"]
[EventRounds "10"]
[EventCountry "BRA"]

1. d4 Nf6 2. Nf3 c5 3. c3 Qc7 4. Bg5 Ne4 5. Bh4 e6 6. Nbd2 d5 7. Nxe4 dxe4 8.
Nd2 f5 9. e3 a6 10. Qh5+ Qf7 11. Qxf7+ Kxf7 12. g4 b5 13. a4 bxa4 14. gxf5 exf5
15. Bc4+ Be6 16. Bxe6+ Kxe6 17. Rxa4 Nd7 18. Ke2 cxd4 19. Rxd4 Bc5 20. Rc4 Rhc8
21. Nb3 Bb6 22. Ra4 Rcb8 23. Bg3 Rb7 24. Rb4 Raa7 25. Ra1 Ke7 26. Ra2 Bc5 27.
Rxb7 Rxb7 28. Nxc5 Nxc5 29. b4 Nb3 30. Rxa6 Rd7 31. Kf1 Nd2+ 32. Kg2 Rb7 33.
Ra2 Nf3 34. Ra4 1/2-1/2

[Event "VIII Floripa Chess Open 2022 - LIRA - m"]
[Site "Lira Tênis Clube - Florianó"]
[Date "2022.01.25"]
[Round "3.175"]
[White "De Carvalho, Amauri"]
[Black "Rodio, Julia Brunetto"]
[Result "0-1"]
[WhiteElo "1200"]
[BlackElo "1735"]
[PlyCount "84"]
[EventDate "2022.01.24"]
[EventRounds "10"]
[EventCountry "BRA"]

1. Nf3 Nf6 2. g3 d5 3. Bg2 c5 4. O-O Nc6 5. d3 e6 6. Nbd2 Be7 7. Re1 O-O 8. b3
Rb8 9. Bb2 b5 10. Ne5 Nxe5 11. Bxe5 Bd6 12. Nf3 d4 13. Bxd6 Qxd6 14. Ng5 Nd5
15. Qd2 h6 16. Ne4 Qc7 17. c4 bxc4 18. bxc4 Ne7 19. f3 Nf5 20. Qf4 e5 21. Qc1
Ne3 22. Rb1 Bf5 23. Nf2 Rxb1 24. Qxb1 Rb8 25. Qc1 Qa5 26. a3 Rb3 27. g4 Bg6 28.
Ne4 Bxe4 29. fxe4 Rxa3 30. Bf3 Rc3 31. Qa1 Qb4 32. Rb1 Rb3 33. Rc1 a5 34. Kf2
a4 35. h4 Ra3 36. Qb1 Qxb1 37. Rxb1 Rb3 38. Rc1 a3 39. g5 hxg5 40. hxg5 a2 41.
Ra1 Rb2 42. Kg3 Nc2 0-1

[Event "VIII Floripa Chess Open 2022 - LIRA - m"]
[Site "Lira Tênis Clube - Florianó"]
[Date "2022.01.25"]
[Round "3.176"]
[White "Rahn, Marlon Cristiano"]
[Black "Reis, Virginia Lagrange M"]
[Result "0-1"]
[WhiteElo "1196"]
[BlackElo "1724"]
[PlyCount "118"]
[EventDate "2022.01.24"]
[EventRounds "10"]
[EventCountry "BRA"]

1. e4 c5 2. Nf3 g6 3. Bc4 Bg7 4. c3 e6 5. d3 Ne7 6. Bg5 Nbc6 7. Nbd2 O-O 8. O-O
a6 9. Bb3 b5 10. Re1 Bb7 11. Nf1 f6 12. Be3 Qb6 13. Bc2 f5 14. Bg5 h6 15. Bh4
g5 16. Nxg5 hxg5 17. Bxg5 Rf7 18. Qh5 Kf8 19. Re3 Ng8 20. exf5 exf5 21. Bb3 d5
22. Bxd5 Qc7 23. Bxf7 Qxf7 24. Qxf7+ Kxf7 25. f4 b4 26. Rc1 Rc8 27. cxb4 Bxb2
28. Rxc5 Bd4 29. Rxf5+ Kg6 30. Rd5 Bxe3+ 31. Nxe3 Rc7 32. Rd6+ Kf7 33. a3 Nge7
34. Nc4 Nc8 35. Rd5 N8e7 36. Rc5 Rd7 37. Ne5+ Nxe5 38. fxe5 Ke6 39. h4 Nc6 40.
Bf6 Rxd3 41. b5 axb5 42. Rxb5 Ba8 43. a4 Ra3 44. a5 Nxa5 45. Rb6+ Nc6 46. g4
Ra4 47. Kh2 Rxg4 48. Kh3 Rg8 49. h5 Kf5 50. h6 Nd4 51. Bg7 Re8 52. Rf6+ Ke4 53.
Kg4 Rc8 54. Rf4+ Ke3 55. Rf8 Rc2 56. Kh3 Be4 57. Rf7 Rg2 58. Rf8 Ne6 59. Rf7
Ng5+ 0-1

[Event "VIII Floripa Chess Open 2022 - LIRA - m"]
[Site "Lira Tênis Clube - Florianó"]
[Date "2022.01.25"]
[Round "3.177"]
[White "Da Cunha, Gabriela Goes"]
[Black "Monteiro, Samuel Ramazzotte"]
[Result "1-0"]
[WhiteElo "1723"]
[BlackElo "1338"]
[PlyCount "136"]
[EventDate "2022.01.24"]
[EventRounds "10"]
[EventCountry "BRA"]

1. e4 c5 2. Nf3 g6 3. d4 cxd4 4. Nxd4 Bg7 5. Nc3 Nc6 6. Be3 Nf6 7. Nxc6 bxc6 8.
e5 Ng8 9. f4 Nh6 10. Qd2 a5 11. h3 Rb8 12. O-O-O Nf5 13. Bf2 e6 14. g4 Ne7 15.
Qd6 Rb4 16. a3 Rxf4 17. Bh4 Bh6 18. Kb1 g5 19. Bg3 Rf3 20. Ne4 Bg7 21. Bg2 Re3
22. Bf2 Re2 23. Bf3 Rxf2 24. Nxf2 Qb6 25. Ne4 Nd5 26. Qc5 Qxc5 27. Nxc5 Bxe5
28. Bxd5 cxd5 29. Rhe1 Bd6 30. Rxd5 Be7 31. Nxe6 dxe6 32. Rxa5 h5 33. Rd1 Bb7
34. Rb5 Bd5 35. c4 Be4+ 36. Ka2 f5 37. Rb8+ Kf7 38. Rxh8 hxg4 39. hxg4 f4 40.
b4 Bf3 41. Rg1 e5 42. Rh7+ Ke6 43. Rxe7+ Kxe7 44. Kb2 e4 45. Kc3 e3 46. Kd3 Kd6
47. a4 Ke5 48. a5 Be4+ 49. Ke2 Kd4 50. Rd1+ Kxc4 51. a6 Kxb4 52. a7 Kc4 53. Rd8
Bb7 54. a8=Q Bxa8 55. Rxa8 Kd4 56. Kf3 Ke5 57. Rf8 Ke6 58. Rf5 Kd6 59. Rxg5 Kd7
60. Kxf4 e2 61. Re5 Kd6 62. Rxe2 Kd5 63. g5 Kd6 64. g6 Kd7 65. g7 Kd6 66. g8=Q
Kd7 67. Ra2 Kd6 68. Ra6+ Kc5 1-0

[Event "VIII Floripa Chess Open 2022 - LIRA - m"]
[Site "Lira Tênis Clube - Florianó"]
[Date "2022.01.25"]
[Round "3.178"]
[White "Damasceno Martins, Carlos Eduardo De S"]
[Black "Colaco, Willian Wagner Soar"]
[Result "0-1"]
[WhiteElo "1800"]
[BlackElo "1705"]
[PlyCount "100"]
[EventDate "2022.01.24"]
[EventRounds "10"]
[EventCountry "BRA"]

1. e4 c6 2. d4 d5 3. exd5 cxd5 4. Bd3 Nf6 5. c3 Bg4 6. Ne2 e6 7. Bf4 Bd6 8. f3
Bh5 9. Qb3 b6 10. Bb5+ Ke7 11. Nd2 Bg6 12. Rc1 a6 13. Qa4 Bxf4 14. Nxf4 Qc7 15.
Nxg6+ hxg6 16. g3 Nbd7 17. Bd3 b5 18. Qc2 g5 19. O-O Rh6 20. a4 Rah8 21. Rf2
Nh5 22. Nf1 Rb8 23. axb5 axb5 24. Ra1 b4 25. cxb4 Qb6 26. Qd2 Qxd4 27. Qxg5+
Qf6 28. Qe3 Qe5 29. b5 Rhh8 30. Ra7 Qxe3 31. Nxe3 Ra8 32. Rb7 Rhb8 33. Rxb8
Rxb8 34. Rc2 Nhf6 35. Rc7 Ne8 36. Ra7 Nd6 37. Ra5 Nb7 38. Ra3 Nd6 39. Ra5 Nb7
40. Ra7 Nbc5 41. Be2 d4 42. Ng4 d3 43. Bf1 Rxb5 44. Ne5 d2 45. Be2 Rxb2 46.
Nxd7 Rb1+ 47. Kf2 Nxd7 48. Bd1 Rxd1 49. Ke2 Rb1 50. Kxd2 Rb2+ 0-1

[Event "VIII Floripa Chess Open 2022 - LIRA - m"]
[Site "Lira Tênis Clube - Florianó"]
[Date "2022.01.25"]
[Round "3.179"]
[White "Juliano, Luiz Augusto Porto"]
[Black "Da Silva, Kauan Salvagni Tele"]
[Result "1-0"]
[WhiteElo "1690"]
[BlackElo "1218"]
[PlyCount "117"]
[EventDate "2022.01.24"]
[EventRounds "10"]
[EventCountry "BRA"]

1. c4 e6 2. Nc3 d5 3. d4 Nf6 4. Nf3 b6 5. g3 Be7 6. Bg2 O-O 7. O-O Bb7 8. b3
Nbd7 9. Bb2 c5 10. cxd5 Nxd5 11. Rc1 N7f6 12. Na4 cxd4 13. Nxd4 Rc8 14. a3 Ba6
15. Nc6 Qd7 16. Nxe7+ Qxe7 17. Re1 Rfd8 18. Rxc8 Rxc8 19. Qd2 Qc7 20. Rc1 Qd7
21. Rxc8+ Qxc8 22. Nc3 Nxc3 23. Bxc3 Nd7 24. Bb2 Qc7 25. Bh3 Nf8 26. e4 Qd7 27.
Qd4 Qxd4 28. Bxd4 Bd3 29. f3 Nd7 30. b4 a6 31. Kf2 b5 32. Ke3 Bc4 33. f4 Kf8
34. Bg2 g6 35. g4 Ke7 36. g5 Kd6 37. h4 e5 38. fxe5+ Nxe5 39. Bxe5+ Kxe5 40.
Bf3 Bb3 41. Bg4 Be6 42. Bd1 Bc4 43. a4 Bf1 44. axb5 axb5 45. Bb3 Bc4 46. Bxc4
bxc4 47. b5 Kd6 48. Kd4 c3 49. Kxc3 Kc5 50. b6 Kxb6 51. Kd4 Kc6 52. Ke5 Kd7 53.
Kf6 Kd6 54. Kxf7 Ke5 55. Kg7 Kxe4 56. Kxh7 Kf5 57. Kh6 Kg4 58. Kxg6 Kxh4 59.
Kh6 1-0

[Event "VIII Floripa Chess Open 2022 - LIRA - m"]
[Site "Lira Tênis Clube - Florianó"]
[Date "2022.01.25"]
[Round "3.180"]
[White "Haraguchi, Matheus Sashaki"]
[Black "Vera Villalba, Marcelo Amin"]
[Result "1-0"]
[WhiteElo "1677"]
[BlackElo "1132"]
[PlyCount "63"]
[EventDate "2022.01.24"]
[EventRounds "10"]
[EventCountry "BRA"]

1. c4 Nf6 2. g3 g6 3. Bg2 c5 4. Nc3 Bg7 5. e4 d6 6. Nge2 Nc6 7. O-O Qb6 8. d3
O-O 9. h3 a6 10. f4 e6 11. Kh2 Qc7 12. Be3 Bd7 13. Rc1 Rac8 14. b3 Bh6 15. Qd2
Bg7 16. d4 b6 17. Rfd1 Rfd8 18. Qe1 Bh6 19. Qf2 Bg7 20. Rd2 Ne7 21. Rf1 Ne8 22.
d5 exd5 23. Nxd5 Nxd5 24. cxd5 f5 25. exf5 Bxf5 26. g4 Bd7 27. Ng3 Bb5 28. Rc1
a5 29. f5 Rd7 30. fxg6 hxg6 31. Be4 Kh7 32. Bxg6+ 1-0

[Event "VIII Floripa Chess Open 2022 - LIRA - m"]
[Site "Lira Tênis Clube - Florianó"]
[Date "2022.01.25"]
[Round "3.182"]
[White "Zhong, Lanxin"]
[Black "Ferreira, Angelo Augusto Pach"]
[Result "0-1"]
[WhiteElo "1139"]
[BlackElo "1647"]
[PlyCount "92"]
[EventDate "2022.01.24"]
[EventRounds "10"]
[EventCountry "BRA"]

1. e4 e5 2. Nf3 Nf6 3. Nc3 Nc6 4. d4 exd4 5. Nxd4 Bb4 6. Qd3 O-O 7. f3 d5 8.
Nxc6 bxc6 9. a3 Bxc3+ 10. bxc3 dxe4 11. fxe4 Nxe4 12. Qxd8 Rxd8 13. c4 Re8 14.
Be3 Ng3 15. hxg3 Rxe3+ 16. Kf2 Re5 17. Be2 Be6 18. Rab1 Rd8 19. Rhd1 Rxe2+ 20.
Kxe2 Bg4+ 21. Ke1 Rxd1+ 22. Rxd1 Bxd1 23. Kxd1 Kf8 24. Ke2 c5 25. Ke3 Ke7 26.
Ke4 Ke6 27. g4 h6 28. a4 g6 29. Kf4 f5 30. a5 fxg4 31. c3 h5 32. g3 Kf6 33. a6
g5+ 34. Ke4 Ke6 35. Ke3 Ke5 36. Ke2 h4 37. Kf1 Ke4 38. gxh4 gxh4 39. Ke2 g3 40.
Ke1 Ke3 41. Kf1 Kf3 42. Kg1 g2 43. Kh2 Kf2 44. Kh3 g1=Q 45. Kxh4 Qg6 46. Kh3
Qg3# 0-1

[Event "VIII Floripa Chess Open 2022 - LIRA - m"]
[Site "Lira Tênis Clube - Florianó"]
[Date "2022.01.25"]
[Round "3.183"]
[White "Benevenga, Antonio"]
[Black "Nogueira, Antonio Rodrigues"]
[Result "0-1"]
[WhiteElo "1629"]
[BlackElo "1826"]
[PlyCount "76"]
[EventDate "2022.01.24"]
[EventRounds "10"]
[EventCountry "BRA"]

1. e3 Nf6 2. b3 g6 3. Bb2 Bg7 4. f4 d6 5. Nf3 O-O 6. Be2 c5 7. O-O Nc6 8. d3
Rb8 9. Nbd2 b5 10. Qe1 Nb4 11. Bd1 Qb6 12. a3 Nbd5 13. c4 bxc4 14. bxc4 Qa6 15.
Rb1 Nb6 16. Bc2 Bd7 17. Ng5 Ba4 18. Bxa4 Nxa4 19. Bxf6 Bxf6 20. Qh4 Bxg5 21.
Qxg5 Rxb1 22. Rxb1 Nb6 23. Qxe7 Qxa3 24. Rb3 Qc1+ 25. Nf1 Qc2 26. Ra3 Na4 27.
Qxd6 Nc3 28. Qxc5 Ne2+ 29. Kf2 Nxf4+ 30. Kf3 Nxd3 31. Rxd3 Qxd3 32. Ng3 Re8 33.
Kf4 g5+ 34. Qxg5+ Qg6 35. Qd5 Qh6+ 36. Kg4 Qxe3 37. c5 Qe6+ 38. Qxe6 Rxe6 0-1

[Event "VIII Floripa Chess Open 2022 - LIRA - m"]
[Site "Lira Tênis Clube - Florianó"]
[Date "2022.01.25"]
[Round "3.184"]
[White "Ayala Ruiz, Miguel Angel"]
[Black "Silva, Jeferson"]
[Result "1-0"]
[WhiteElo "1618"]
[BlackElo "1800"]
[PlyCount "97"]
[EventDate "2022.01.24"]
[EventRounds "10"]
[EventCountry "BRA"]

1. e4 c5 2. d4 cxd4 3. c3 d5 4. exd5 Qxd5 5. cxd4 Nc6 6. Nf3 e6 7. Nc3 Qd8 8.
Bb5 Nf6 9. O-O Be7 10. Qe2 O-O 11. Rd1 Nb4 12. Bf4 a6 13. Bc4 b5 14. Bb3 Bb7
15. Rac1 Nbd5 16. Be5 Rc8 17. Bc2 Nxc3 18. bxc3 Ba3 19. Rb1 Nd5 20. Qd3 g6 21.
Rb3 Qa5 22. Qd2 f6 23. Bg3 Rxc3 24. Be4 Rfc8 25. Rbb1 Qb6 26. Qh6 Bf8 27. Qh4
Bg7 28. h3 Ra3 29. Ra1 b4 30. Rd2 a5 31. Rb2 Rac3 32. a3 b3 33. a4 Rc1+ 34.
Rxc1 Rxc1+ 35. Kh2 Bc6 36. Bd6 Bxa4 37. Bc5 Qb8+ 38. g3 Bc6 39. Nd2 a4 40. Bg2
f5 41. Ba3 Rc2 42. Rxc2 bxc2 43. Nc4 Bf6 44. Qh6 Bg7 45. Qd2 Qb3 46. Qe2 e5 47.
dxe5 Qb7 48. Qxc2 Nc7 49. Nd6 1-0

[Event "VIII Floripa Chess Open 2022 - LIRA - m"]
[Site "Lira Tênis Clube - Florianó"]
[Date "2022.01.25"]
[Round "3.185"]
[White "Votri, Enzo"]
[Black "Romais, Rodrigo"]
[Result "0-1"]
[WhiteElo "1791"]
[BlackElo "1556"]
[PlyCount "82"]
[EventDate "2022.01.24"]
[EventRounds "10"]
[EventCountry "BRA"]

1. e4 e6 2. d4 d5 3. f3 c5 4. Ne2 Nc6 5. c3 cxd4 6. cxd4 dxe4 7. fxe4 Qh4+ 8.
Ng3 Nf6 9. Nd2 Nxd4 10. e5 Nd7 11. Nf3 Nxf3+ 12. Qxf3 Qb4+ 13. Qc3 Qxc3+ 14.
bxc3 Nxe5 15. Bf4 Nc6 16. O-O-O Ba3+ 17. Kb1 O-O 18. Bb5 Ne7 19. Rd3 Nd5 20.
Bg5 Be7 21. Bxe7 Nxe7 22. Rhd1 a6 23. Rd8 Ng6 24. Be8 e5 25. Bxf7+ Kxf7 26.
Rf1+ Ke7 27. Rdxf8 Nxf8 28. Nf5+ Bxf5+ 29. Rxf5 Nd7 30. Kc2 Rf8 31. Rg5 g6 32.
Rg3 Ke6 33. Rh3 Rf2+ 34. Kb3 Nf6 35. a3 Rxg2 36. c4 h5 37. a4 e4 38. Re3 Rf2
39. Kb4 Rb2+ 40. Kc5 Ke5 41. a5 Nd7# 0-1

[Event "VIII Floripa Chess Open 2022 - LIRA - m"]
[Site "Lira Tênis Clube - Florianó"]
[Date "2022.01.25"]
[Round "3.187"]
[White "Paniago, Lucio Erloiny Silva"]
[Black "Fanckin, Murilo"]
[Result "1-0"]
[WhiteElo "1508"]
[BlackElo "1599"]
[PlyCount "91"]
[EventDate "2022.01.24"]
[EventRounds "10"]
[EventCountry "BRA"]

1. e4 c5 2. Nf3 d6 3. c3 d5 4. e5 e6 5. d4 Nc6 6. Bd3 Be7 7. O-O f6 8. Re1 fxe5
9. dxe5 Bd7 10. Qc2 h6 11. Nbd2 Qc7 12. Bg6+ Kd8 13. Nf1 Qb6 14. Ng3 Kc7 15.
Be3 Qa5 16. Bf7 Rd8 17. Qg6 Bf8 18. Bxe6 Nge7 19. Qg4 Bxe6 20. Qxe6 g6 21. Qf6
Rg8 22. e6 Bg7 23. Qf4+ Kc8 24. Bd2 Rgf8 25. Qe3 Rde8 26. b4 cxb4 27. cxb4 Qa6
28. Bc3 Bxc3 29. Qxc3 Qb6 30. a3 d4 31. Qd3 Rf6 32. b5 Nd8 33. Ne5 Rxe6 34.
Rec1+ Kb8 35. Nd7+ Ka8 36. Nxb6+ axb6 37. Qxd4 Nf7 38. Qd7 Ng8 39. Rc8+ Rxc8
40. Qxc8+ Ka7 41. Qxg8 Re5 42. Qxf7 Rxb5 43. Ne4 Re5 44. Nd6 Ka6 45. Qxb7+ Ka5
46. Qa7# 1-0

[Event "VIII Floripa Chess Open 2022 - LIRA - m"]
[Site "Lira Tênis Clube - Florianó"]
[Date "2022.01.25"]
[Round "3.196"]
[White "Moyses Sobrinho, Elias"]
[Black "Nunes, Nicole"]
[Result "1-0"]
[WhiteElo "1875"]
[BlackElo "1063"]
[PlyCount "82"]
[EventDate "2022.01.24"]
[EventRounds "10"]
[EventCountry "BRA"]

1. d4 d5 2. c4 dxc4 3. Nc3 g6 4. e4 Bg7 5. d5 c6 6. Bxc4 cxd5 7. exd5 e6 8. Qe2
Nf6 9. dxe6 fxe6 10. Bxe6 Bxe6 11. Qxe6+ Qe7 12. Qxe7+ Kxe7 13. Nf3 Re8 14. O-O
Kf7 15. Nb5 Nd5 16. Nd6+ Kf8 17. Nxe8 Kxe8 18. Re1+ Kf8 19. Ne5 Na6 20. Bd2
Nab4 21. Bxb4+ Nxb4 22. Re2 Re8 23. Rae1 Rd8 24. a3 Bxe5 25. axb4 Bf6 26. g3 b6
27. Rc1 a5 28. bxa5 bxa5 29. Rc7 a4 30. Rec2 Ke8 31. Rc8 Kd7 32. Rxd8+ Kxd8 33.
Kf1 Kd7 34. Ke2 Kd6 35. Kd3 Kd5 36. f3 Be7 37. Rc7 Bd6 38. Rxh7 a3 39. bxa3
Bxa3 40. Rg7 Ke5 41. Rxg6 Kf5 1-0

[Event "VIII Floripa Chess Open 2022 - LIRA - m"]
[Site "Lira Tênis Clube - Florianó"]
[Date "2022.01.25"]
[Round "3.197"]
[White "Hubner, Jessica Trindade"]
[Black "Rodrigues, Paulo De Tharso Bro"]
[Result "1-0"]
[WhiteElo "1752"]
[BlackElo "1018"]
[PlyCount "65"]
[EventDate "2022.01.24"]
[EventRounds "10"]
[EventCountry "BRA"]

1. e4 e5 2. Nf3 Nc6 3. Bb5 a6 4. Ba4 Nf6 5. O-O b5 6. Bb3 Be7 7. Re1 O-O 8. c3
d6 9. d4 exd4 10. cxd4 Bg4 11. d5 Bxf3 12. Qxf3 Nd4 13. Qc3 Nxb3 14. Qxb3 Qd7
15. h3 Rfe8 16. Nc3 c6 17. Bg5 h6 18. Be3 cxd5 19. exd5 Rac8 20. a4 Rb8 21.
axb5 axb5 22. Ra7 Rb7 23. Rea1 Reb8 24. Qb4 Rxa7 25. Rxa7 Rb7 26. Ra8+ Kh7 27.
Ra5 Bd8 28. Rxb5 Rxb5 29. Nxb5 Nxd5 30. Qe4+ g6 31. Qxd5 Bf6 32. Bd4 Be7 33.
Qxf7# 1-0

[Event "VIII Floripa Chess Open 2022 - LIRA - m"]
[Site "Lira Tênis Clube - Florianó"]
[Date "2022.01.25"]
[Round "3.198"]
[White "Ferreira, Jose Carlos"]
[Black "Toffoli, Vanessa"]
[Result "1-0"]
[WhiteElo "1736"]
[BlackElo "1013"]
[PlyCount "63"]
[EventDate "2022.01.24"]
[EventRounds "10"]
[EventCountry "BRA"]

1. d4 Nf6 2. c4 g6 3. f3 Bg7 4. e4 O-O 5. Be3 d6 6. Nc3 Nc6 7. Qd2 e5 8. d5 Ne7
9. Bd3 Nd7 10. Nge2 f5 11. Bg5 Nf6 12. exf5 Nxf5 13. Ne4 Nd4 14. Nxd4 exd4 15.
O-O-O c6 16. h4 cxd5 17. cxd5 Qc7+ 18. Kb1 Nxd5 19. h5 Bf5 20. g4 Bxe4 21. Bxe4
Qc5 22. Rc1 Qb5 23. Bd3 Qb4 24. Bc4 Qc5 25. hxg6 b5 26. Bd3 Nc3+ 27. Ka1 b4 28.
Rxh7 Qa5 29. Bc4+ d5 30. Rxg7+ Kxg7 31. Qxd4+ Kg8 32. Rh1 1-0

[Event "VIII Floripa Chess Open 2022 - LIRA - m"]
[Site "Lira Tênis Clube - Florianó"]
[Date "2022.01.25"]
[Round "3.199"]
[White "De Albuquerque, Pedro Henrique Corr"]
[Black "Bieging, Luca Jurgen"]
[Result "1-0"]
[WhiteElo "1735"]
[BlackElo "1843"]
[PlyCount "49"]
[EventDate "2022.01.24"]
[EventRounds "10"]
[EventCountry "BRA"]

1. e4 c5 2. Nf3 Nc6 3. d4 cxd4 4. Nxd4 e5 5. Nb5 Nf6 6. N1c3 d6 7. Nd5 Nxd5 8.
exd5 Nb8 9. c4 Be7 10. Be3 O-O 11. Be2 f5 12. f3 e4 13. Qd2 Nd7 14. O-O Ne5 15.
fxe4 fxe4 16. Rxf8+ Bxf8 17. Rf1 a6 18. Nc3 Qc7 19. Nxe4 Nxc4 20. Qc2 Bf5 21.
Rxf5 Rc8 22. Bxc4 b5 23. Ng5 bxc4 24. Rxf8+ Rxf8 25. Qxh7# 1-0

[Event "VIII Floripa Chess Open 2022 - LIRA - m"]
[Site "Lira Tênis Clube - Florianó"]
[Date "2022.01.25"]
[Round "3.200"]
[White "Cardoso, Catharina Alves"]
[Black "Da Cunha Dias, Joao Pedro"]
[Result "1/2-1/2"]
[WhiteElo "1819"]
[BlackElo "1734"]
[PlyCount "66"]
[EventDate "2022.01.24"]
[EventRounds "10"]
[EventCountry "BRA"]

1. e4 c5 2. Nf3 d6 3. d4 cxd4 4. Nxd4 Nf6 5. Nc3 a6 6. Nb3 e6 7. Bd3 b5 8. O-O
Be7 9. Be3 O-O 10. f4 Bb7 11. Qf3 Qc7 12. Qh3 e5 13. fxe5 dxe5 14. Nd5 Bxd5 15.
exd5 e4 16. Be2 Nxd5 17. Bd4 Nf4 18. Qg4 Nxe2+ 19. Qxe2 Nc6 20. Qxe4 Nxd4 21.
Nxd4 Rad8 22. Rad1 Bc5 23. c3 Rfe8 24. Qg4 h6 25. Rd2 a5 26. Rdf2 Bxd4 27. cxd4
Re7 28. Rf3 Qd7 29. Qxd7 Rexd7 30. Rf5 Rxd4 31. Rxb5 Rb4 32. Rxa5 Rxb2 33. a4
Rdd2 1/2-1/2

[Event "VIII Floripa Chess Open 2022 - LIRA - m"]
[Site "Lira Tênis Clube - Florianó"]
[Date "2022.01.25"]
[Round "3.201"]
[White "Pereira, Fernanda De Andrade"]
[Black "Ramazzotte, Alexandre Franco"]
[Result "0-1"]
[WhiteElo "1800"]
[BlackElo "1729"]
[PlyCount "86"]
[EventDate "2022.01.24"]
[EventRounds "10"]
[EventCountry "BRA"]

1. e4 e6 2. d3 d5 3. Qe2 dxe4 4. dxe4 b6 5. c4 Ba6 6. Qc2 Bc5 7. Nf3 Nf6 8. Bg5
h6 9. Bh4 Be7 10. e5 Nfd7 11. Bxe7 Qxe7 12. Qe4 c6 13. Bd3 Nc5 14. Qe3 Nxd3+
15. Qxd3 Qb4+ 16. Qc3 Qxc4 17. Qxc4 Bxc4 18. Nc3 Nd7 19. O-O-O Bd5 20. Nxd5
cxd5 21. Rhe1 Rc8+ 22. Kb1 O-O 23. Nd4 a6 24. f4 g6 25. Rc1 Nc5 26. Re3 Ne4 27.
Re2 Rxc1+ 28. Kxc1 Rc8+ 29. Rc2 Rxc2+ 30. Kxc2 Kf8 31. Nc6 Ke8 32. b4 Kd7 33.
Nb8+ Kc8 34. Nxa6 b5 35. Nc5 Nxc5 36. bxc5 Kc7 37. Kc3 Kc6 38. Kd4 b4 39. g4
Kb5 40. h4 Kc6 41. f5 exf5 42. gxf5 gxf5 43. h5 f4 0-1

[Event "VIII Floripa Chess Open 2022 - LIRA - m"]
[Site "Lira Tênis Clube - Florianó"]
[Date "2022.01.25"]
[Round "3.202"]
[White "Sato, Leticia Miho"]
[Black "Soares, Rafael Tuma"]
[Result "1-0"]
[WhiteElo "1729"]
[BlackElo "1811"]
[PlyCount "83"]
[EventDate "2022.01.24"]
[EventRounds "10"]
[EventCountry "BRA"]

1. d4 Nf6 2. Nf3 g6 3. Bf4 Bg7 4. e3 d5 5. c4 Bg4 6. Nc3 e6 7. Be2 c6 8. h3 Bf5
9. O-O Nbd7 10. Rc1 O-O 11. b3 h5 12. Nh4 Nb6 13. Nxf5 exf5 14. c5 Nc8 15. b4
a6 16. a4 Re8 17. b5 axb5 18. axb5 Kh7 19. Qb3 Bh6 20. Bh2 g5 21. Bd3 Ne7 22.
Qd1 g4 23. Kh1 Rg8 24. Qe2 Kh8 25. Ra1 Rxa1 26. Rxa1 h4 27. Be5 Bg7 28. bxc6
bxc6 29. Ra7 Nd7 30. Bc7 Qe8 31. hxg4 Nc8 32. gxf5 Bf6 33. Ra8 Rg7 34. Ba6 Qg8
35. Rxc8 Nf8 36. Qf3 h3 37. Bf1 hxg2+ 38. Bxg2 Rh7+ 39. Kg1 Be7 40. f6 Bxf6 41.
Qxf6+ Rg7 42. Qh6+ 1-0

[Event "VIII Floripa Chess Open 2022 - LIRA - m"]
[Site "Lira Tênis Clube - Florianó"]
[Date "2022.01.25"]
[Round "3.203"]
[White "Esquinelato, Marcos Vinicius Mol"]
[Black "Monteiro, Daniel Zotelli"]
[Result "0-1"]
[WhiteElo "1800"]
[BlackElo "1614"]
[PlyCount "84"]
[EventDate "2022.01.24"]
[EventRounds "10"]
[EventCountry "BRA"]

1. e4 e5 2. Nf3 Nc6 3. Bb5 a6 4. Ba4 Nf6 5. d3 b5 6. Bb3 Be7 7. O-O d6 8. c3
Bg4 9. Be3 O-O 10. Nbd2 Re8 11. h3 Bh5 12. Qc2 Na5 13. d4 exd4 14. cxd4 Rc8 15.
e5 Nd7 16. e6 fxe6 17. Bxe6+ Bf7 18. Bxf7+ Kxf7 19. Qxh7 Rh8 20. Qf5+ Bf6 21.
d5 Nf8 22. Bg5 Qd7 23. Qxd7+ Nxd7 24. Rab1 Rh5 25. Ne4 Nc4 26. Bxf6 Nxf6 27.
Neg5+ Kg6 28. Rfd1 Rxg5 29. Nxg5 Kxg5 30. Rd3 Nb6 31. Rbd1 Re8 32. Kh2 Nc4 33.
Rg3+ Kh6 34. b3 Nb6 35. Rgd3 Re5 36. Rc1 Nfxd5 37. g3 g5 38. Rf3 Kg7 39. Rd3 c5
40. f4 gxf4 41. gxf4 Re2+ 42. Kg3 Re3+ 0-1

[Event "VIII Floripa Chess Open 2022 - LIRA - m"]
[Site "Lira Tênis Clube - Florianó"]
[Date "2022.01.25"]
[Round "3.204"]
[White "Da Cunha, Gastao"]
[Black "Abilhoa, Felipe Auer"]
[Result "1-0"]
[WhiteElo "1602"]
[BlackElo "1800"]
[PlyCount "58"]
[EventDate "2022.01.24"]
[EventRounds "10"]
[EventCountry "BRA"]

1. e4 e6 2. d4 d5 3. exd5 exd5 4. Bd3 Bd6 5. Nf3 Ne7 6. O-O Bf5 7. Bg5 f6 8.
Bh4 O-O 9. Re1 c6 10. Qe2 Rf7 11. Bg3 Bg4 12. Nbd2 Nd7 13. Bxd6 Nb6 14. Bxe7
Qd7 15. Ba3 Rd8 16. h3 Bxf3 17. Qxf3 h6 18. Bf5 Qc7 19. Be6 Kh8 20. Bxf7 Qxf7
21. Re7 Qg8 22. Rae1 Rb8 23. Qh5 Rf8 24. Re8 Rxe8 25. Rxe8 Qxe8 26. Qxe8+ Kh7
27. Qf7 c5 28. Bxc5 Nd7 29. Qxd7 a6 1-0

[Event "VIII Floripa Chess Open 2022 - LIRA - m"]
[Site "Lira Tênis Clube - Florianó"]
[Date "2022.01.25"]
[Round "3.205"]
[White "Mayara Sibowicz, Giovanna"]
[Black "Herai, Roberto Hirochi"]
[Result "1-0"]
[WhiteElo "1589"]
[BlackElo "1800"]
[PlyCount "57"]
[EventDate "2022.01.24"]
[EventRounds "10"]
[EventCountry "BRA"]

1. e4 d6 2. Nc3 c5 3. h3 Nc6 4. Nf3 g6 5. Be2 Bg7 6. O-O Nf6 7. d3 O-O 8. Be3
a6 9. Qd2 e5 10. Bh6 Nd4 11. Bxg7 Kxg7 12. Nxd4 cxd4 13. Nd1 Be6 14. f4 Rc8 15.
f5 Bd7 16. Rc1 d5 17. Bf3 Bb5 18. Nf2 dxe4 19. Bxe4 Nxe4 20. Nxe4 f6 21. g4 g5
22. Kf2 Qd5 23. b3 Rf7 24. Rh1 Bc6 25. h4 h6 26. hxg5 hxg5 27. Rh2 Rcf8 28.
Rch1 Rh8 29. Rh7+ 1-0